Scientific Fields (Hard) - Statistics

General Stats
  • This quiz has been taken 946 times
  • The average score is 11 of 37
Answer Stats
Hint Answer % Correct
Study of celestial bodies. Astronomy
87%
Study of the heart Cardiology
77%
Study of the mind. Psychology
77%
Study of the skin. Dermatology
72%
Study of the behaviour of matter. Physics
69%
Study of plants. Botany
62%
Study of language Linguistics
62%
Study of religion. Theology
62%
Study of the properties of matter. Chemistry
60%
Study of magnitude, number, forms, etc Mathematics
49%
Study and organization of numerical facts and probabilities. Statistics
45%
Study of the blood. Hematology
44%
Study of the patterns of disease in a population. Epidemiology
39%
Study of alloys and the transformation of metals. Metallurgy
34%
Folkloristics. Study of fables, legends, etc. Mythology
25%
Study of the properties of matter subject to the Heisenberg Limit. Quantum Mechanics
24%
Study of reptiles and anphibians. Herpetology
23%
Study of human movement and posture. Kinesiology
23%
Science of education and teaching Pedagogy
23%
Study of sound. Acoustics
20%
Study of light. Optics
20%
Specialty of pediatrics dedicated to newborn infants. Neonatology
19%
Pseudoscience dedicated to the study of fabulous animals. Cryptozoology
18%
Specialty of medicine concerned with ears, nose and throat. Otorhinolaryngology
15%
Study of the meaning of words Semantics
14%
Study of muscles. Myology
10%
Study of signs and signals. Semiology
10%
Study of the moon. Selenology
9%
Dentistry. Odontology
7%
Study of the properties of gases. Aerodynamics
6%
Study of mountains Orology
6%
Study of malformations and physiological aberrations. Teratology
4%
Study of plant nutrition and soil yelds Agrobiology
3%
Study of smells and olfactory processes Osmology
3%
Study of miracles. Thaumatology
3%
Branch of Onomastics concerned with the names of places. Toponymics
3%
Veterinary medicine. Theriatrics
1%
No matching quizzes found
Score Distribution
Percent of People with Each Score
Percentile by Number Answered
Your Score History
You have not taken this quiz